000 00505nam a2200181Ia 4500
999 _c27727
_d27727
003 OSt
005 20201202112255.0
008 190216s9999||||xx |||||||||||||| ||und||
020 _a8171307957
040 _coclc
082 _a894.8123
_bKAK/C
100 _aKakkanadan, G V
_96639
245 0 _aColossus /
_cG V Kakkanadan
260 _bD C Books Kerala,
_c1998.
_aKottayam:
300 _a166p
650 _aMalayalam Novel
942 _cBK
_2ddc
_h894.8123
_iKAK/C
_k894.8123
_mKAK/C